000 00688nam a22002177a 4500
005 20170124110252.0
010 _aA-944658
020 _c95.00
035 _aA-944658
037 _bCen Lib/Ret
040 _aDPL
_bEN
082 _a000
_bGUP
100 _aGupta, R.N.
_920026
245 _aRanee publications present R. Gupta's NDA exam :
_bprevious papers upto date /
_cby R.N. Gupta
260 _aNew Delhi
_bRanee Publications
_c[s.n.]
270 _bNew Delhi
_a12-H, New Dariyaganj
_e110002
300 _avarious pagings.
_c22cm(Hb)
650 _aNational Defence Academy
_999438
650 _aNDA examination book
_999439
942 _2ddc
_cEN
_h000
_mGUP
999 _c135932
_d135932